| 000 | 00536nam a2200157Ia 4500 | ||
|---|---|---|---|
| 008 | 170221s9999 xx 000 0 und d | ||
| 100 | _aXiaoyan Wang | ||
| 245 | _aVideo Coding Based on Shape-Adaptive All Phase Biorthogonal Transform and MPEG-4 | ||
| 245 | _cXiaoyan Wang, Chengyou Wang, Xiao Zhou, and Zhiqiang Yang | ||
| 260 | _bJournal of Communications | ||
| 260 | _c2014 | ||
| 300 | _a34 : 16 | ||
| 650 | _xCommunication | ||
| 650 | _xMedia Arts | ||
| 856 | _uhttp://www.jocm.us/index.php?m=content&c=index&a=lists&catid=154 | ||
| 999 |
_c310941 _d310941 |
||